[Event "DVM U20 2013"]
[Site "Osnabrück GER"]
[Date "2013.12.28"]
[Round "3"]
[White "Pappert, Florian"]
[Black "Joeres, Stefan"]
[Result "1-0"]
[Termination "normal"]
[Board "8.4"]
[WhiteElo "1754"]
[BlackElo "1477"]
[WhiteTeam "Hagener SV"]
[BlackTeam "Karlsruher SF 1853"]
[BlackFideId "12983160"]
[EventCountry "GER"]
[EventRounds "7"]
[EventType "team-swiss"]
[EventDate "2013.12.26"]

1. e4 e5 2. Nf3 Nc6 3. Bc4 Bc5 4. d3 d6 5. c3 Bg4 6. Nbd2 Nf6 7. Bb3 Nh5 8. h3
Bd7 9. Nf1 h6 10. Bc2 Qf6 11. Be3 Nf4 12. Rg1 O-O-O 13. Bxf4 Qxf4 14. Qd2 Qxd2+
15. N1xd2 Bb6 16. Nc4 f5 17. Nxb6+ axb6 18. O-O-O fxe4 19. dxe4 Rdf8 20. Rdf1
g5 21. Nd2 Ne7 22. f3 Ng6 23. Rf2 Nf4 24. Rh1 h5 25. Kd1 g4 26. hxg4 hxg4 27.
Rxh8 Rxh8 28. g3 Rh1+ 29. Rf1 Rxf1+ 30. Nxf1 Nh5 31. fxg4 Bxg4+ 32. Ke1 Bh3 33.
Bd1 Bxf1 34. Bxh5 Bd3 35. Bg4+ Kd8 36. Bf5 Ke7 37. Kd2 Bb1 38. a3 Kf6 39. Ke3
Kg5 40. Bc8 c5 41. Kf3 Bc2 42. Bxb7 Bd1+ 43. Kf2 Ba4 44. Bc8 Bc2 45. Ke3 Ba4
46. Kd3 Bb5+ 47. c4 Ba4 48. Kc3 Bd1 49. b4 Bg4 50. Bxg4 Kxg4 51. b5 Kxg3 52. a4
Kf3 53. a5 1-0

[Event "DVM U20 2013"]
[Site "Osnabrück GER"]
[Date "2013.12.28"]
[Round "3"]
[White "Joeres, Roman"]
[Black "Balazs, Kata"]
[Result "0-1"]
[Termination "normal"]
[Board "8.5"]
[WhiteElo "1500"]
[BlackElo "1555"]
[WhiteTeam "Karlsruher SF 1853"]
[BlackTeam "Hagener SV"]
[WhiteFideId "12964816"]
[BlackFideId "12922773"]
[EventCountry "GER"]
[EventRounds "7"]
[EventType "team-swiss"]
[EventDate "2013.12.26"]

1. d4 Nf6 2. c4 e6 3. Nf3 b6 4. e3 Bb7 5. Be2 Be7 6. Nc3 O-O 7. O-O Ne4 8. Nxe4
Bxe4 9. Nd2 Bb7 10. e4 Bb4 11. f3 d5 12. cxd5 exd5 13. e5 c5 14. Nb3 Nc6 15. a3
Ba5 16. dxc5 bxc5 17. Nxc5 Bb6 18. b4 Nxe5 19. Kh1 Bxc5 20. bxc5 Rc8 21. Be3
Re8 22. Bd4 Nd7 23. c6 Bxc6 24. Bxa7 Ra8 25. Bd4 Qe7 26. Qc1 Rac8 27. Re1 Bb5
28. Bf1 Rxc1 29. Rxe7 Rxf1+ 30. Rxf1 Rxe7 31. Ra1 Ba4 32. Kg1 Re2 33. Kf1 Bb5
34. a4 Ba6 0-1

[Event "DVM U20 2013"]
[Site "Osnabrück GER"]
[Date "2013.12.28"]
[Round "3"]
[White "Vogel, Jannis"]
[Black "Ospina Ocampo, Antonio"]
[Result "1-0"]
[Termination "normal"]
[Board "8.6"]
[WhiteElo "1513"]
[BlackElo "1320"]
[WhiteTeam "Hagener SV"]
[BlackTeam "Karlsruher SF 1853"]
[WhiteFideId "4635744"]
[BlackFideId "12946362"]
[EventCountry "GER"]
[EventRounds "7"]
[EventType "team-swiss"]
[EventDate "2013.12.26"]

1. d4 d5 2. Bf4 Bf5 3. Nc3 a6 4. Qd2 Nf6 5. f3 e6 6. a3 c5 7. g4 Bxg4 8. fxg4
Nxg4 9. Bg3 Qf6 10. O-O-O Nc6 11. e3 cxd4 12. exd4 g6 13. Bh3 Bh6 14. Bxg4
Bxd2+ 15. Rxd2 Qg5 16. h3 Nxd4 17. Nge2 Nxe2+ 18. Nxe2 O-O 19. Bf4 Qe7 20. h4
Rac8 21. Bh6 Rfe8 22. h5 g5 23. Bh3 Qf6 24. Bxg5 Qf3 25. Rg1 Kf8 26. Bg4 Qf2
27. Rdd1 Qc5 28. Nd4 Rc7 29. c3 a5 30. Rgf1 Qd6 31. Bf4 e5 32. Nf5 Qa6 33. Bh6+
Kg8 34. Rg1 Qb6 35. Be2+ Kh8 36. Bg7+ Kg8 37. Bh6+ Kh8 38. Bg7+ Kg8 39. Bxe5+
Kf8 40. Bg7+ Kg8 41. Bd4+ Kf8 42. Bxb6 Rc6 43. Bd4 Rxe2 44. Bg7+ Kg8 45. Bh6+
Kh8 46. Bg7+ Kg8 47. Nh6+ Rxh6 48. Bxh6+ 1-0

[Event "DVM U20 2013"]
[Site "Osnabrück GER"]
[Date "2013.12.28"]
[Round "4"]
[White "Zimmermann, Ulrich"]
[Black "Kugler, Florian"]
[Result "1-0"]
[Termination "normal"]
[Board "1.1"]
[WhiteElo "2267"]
[BlackElo "2202"]
[WhiteTeam "SK Bebenhausen 1992"]
[BlackTeam "Hamburger SK"]
[WhiteFideId "24654523"]
[BlackFideId "4633300"]
[EventCountry "GER"]
[EventRounds "7"]
[EventType "team-swiss"]
[EventDate "2013.12.26"]

1. d4 g6 2. c4 Bg7 3. e4 e6 4. Nc3 Ne7 5. Be3 d5 6. e5 Nbc6 7. Nf3 a6 8. Qd2 h6
9. c5 Nf5 10. Bd3 Nce7 11. O-O-O a5 12. Kb1 Bd7 13. g4 Nxe3 14. Qxe3 a4 15. Nd2
Ra5 16. f4 h5 17. h3 b6 18. cxb6 cxb6 19. Ne2 Bf8 20. gxh5 Rxh5 21. Ng3 Rh8 22.
h4 Nf5 23. Bxf5 gxf5 24. h5 Bh6 25. Ne2 Qe7 26. Rh3 Qb4 27. a3 Qe7 28. Nc1 Ra8
29. Rg1 Rc8 30. Na2 Bb5 31. Nc3 Qd7 32. Rhg3 Kf8 33. Nf3 Bc6 34. Ng5 Ke7 35.
Qe2 Ra8 36. Qh2 Kd8 37. Rc1 Ra5 38. Na2 Bb5 39. Qh4 Bxg5 40. Qxg5+ Ke8 41. Qf6
Rf8 42. h6 Qd8 43. h7 Qxf6 44. exf6 Kd7 45. Rg8 Raa8 46. Rcg1 1-0

[Event "DVM U20 2013"]
[Site "Osnabrück GER"]
[Date "2013.12.28"]
[Round "4"]
[White "Grünter, Martin"]
[Black "Braun, Georg"]
[Result "1/2-1/2"]
[Termination "normal"]
[Board "1.2"]
[WhiteElo "2232"]
[BlackElo "2197"]
[WhiteTeam "Hamburger SK"]
[BlackTeam "SK Bebenhausen 1992"]
[WhiteFideId "24640352"]
[BlackFideId "24629383"]
[EventCountry "GER"]
[EventRounds "7"]
[EventType "team-swiss"]
[EventDate "2013.12.26"]

1. e4 c5 2. c3 Nf6 3. e5 Nd5 4. Nf3 Nc6 5. Bc4 Nb6 6. Bb3 g6 7. d4 cxd4 8. Ng5
d5 9. exd6 e6 10. Qf3 Ne5 11. Qe4 Bg7 12. cxd4 Nec4 13. Qf3 Nxd6 14. O-O O-O
15. Nc3 Nf5 16. Qh3 h6 17. Nf3 Nxd4 18. Nxd4 Qxd4 19. Be3 Qe5 20. Bxh6 Bxh6 21.
Qxh6 Bd7 22. Rfe1 Qg7 23. Qg5 Bc6 24. Rad1 Nd7 25. Ne4 Qe5 26. Qh4 Qh8 27. Qe7
Rae8 28. Qg5 Bxe4 29. Rxe4 Qf6 30. Qa5 Qf5 31. Qxf5 gxf5 32. Rc4 Nb6 33. Rc7
Rb8 34. h4 Rfc8 35. Rdc1 Rxc7 36. Rxc7 Na8 37. Rd7 Nb6 38. Rc7 Na8 39. Rc3 Rd8
40. Kf1 Kg7 41. Ke2 Rd7 42. Rg3+ Kh7 43. Rd3 Rc7 44. Ke3 Nb6 45. Kf4 Kg7 46.
Ke5 Nc4+ 47. Bxc4 Rxc4 48. Rg3+ Kf8 49. Kf6 Rxh4 50. Rb3 b6 51. Ra3 a5 52. Rb3
Rh6+ 53. Ke5 Rh2 54. Rxb6 Rxg2 55. Kf6 Rg6+ 56. Ke5 Rg2 57. Kf6 Rg6+ 58. Ke5
Kg7 59. Ra6 Rg2 60. Rxa5 Rxf2 61. Rb5 Re2+ 62. Kf4 Kf6 63. Kf3 Re1 64. a4 Ra1
65. a5 Kg5 66. b4 Ra3+ 67. Ke2 Kf4 68. Rb7 e5 69. Rxf7 e4 70. Rd7 Rb3 71. Rd2
Rxb4 72. Ra2 Rb7 73. a6 Ra7 74. Ra5 Kg4 75. Ke3 f4+ 76. Kxe4 Re7+ 77. Kd3 Ra7
78. Ke2 Re7+ 79. Kf2 Ra7 80. Ra4 Kf5 81. Kf3 Ke5 82. Ra5+ Kd6 83. Kxf4 Kc6 84.
Ke4 Kb6 85. Ra1 Rxa6 86. Rxa6+ Kxa6 1/2-1/2

[Event "DVM U20 2013"]
[Site "Osnabrück GER"]
[Date "2013.12.28"]
[Round "4"]
[White "Gibicar, Danijel"]
[Black "Kramer, Julian"]
[Result "0-1"]
[Termination "normal"]
[Board "1.3"]
[WhiteElo "2145"]
[BlackElo "2121"]
[WhiteTeam "SK Bebenhausen 1992"]
[BlackTeam "Hamburger SK"]
[WhiteFideId "24660256"]
[BlackFideId "12921742"]
[EventCountry "GER"]
[EventRounds "7"]
[EventType "team-swiss"]
[EventDate "2013.12.26"]

1. e4 c5 2. Nf3 d6 3. d4 cxd4 4. Nxd4 Nf6 5. Nc3 a6 6. Be3 e5 7. Nb3 Be6 8. f4
Be7 9. f5 Bd7 10. Qf3 Bc6 11. O-O-O b5 12. Kb1 Nbd7 13. Be2 Rb8 14. g4 b4 15.
Nd5 Nxd5 16. exd5 Bb5 17. Nd2 a5 18. Bxb5 Rxb5 19. Ne4 Nf6 20. g5 Nxe4 21. Qxe4
Bxg5 22. Qc4 Bxe3 23. Qxb5+ Ke7 24. f6+ Kxf6 25. Rd3 Qb6 26. Rf1+ Ke7 27. Qc4
Bf4 28. c3 Qc5 29. Qe4 g5 30. cxb4 axb4 31. a3 bxa3 32. Rxa3 Rb8 33. Ka2 f5 34.
Qd3 e4 35. Qh3 h5 36. Rxf4 Qxd5+ 37. Ka1 Qd4 38. Rf2 Qxf2 39. Qc3 Qg1+ 40. Ka2
Qc5 41. Qg7+ Ke6 42. Qg6+ Ke5 43. Qxg5 Qd5+ 44. Ka1 Rg8 45. Qe7+ Kf4 46. Qh4+
Rg4 47. Qf2+ Kg5 48. h3 Qd1+ 49. Ka2 Rg1 50. Ra7 Kg6 51. h4 Qb1+ 52. Kb3 Qd3+
53. Kb4 Rg4 54. Ka5 e3 55. Qf3 Qe4 56. Qd1 Qb4+ 57. Ka6 Qa4+ 0-1

[Event "DVM U20 2013"]
[Site "Osnabrück GER"]
[Date "2013.12.28"]
[Round "4"]
[White "Riederer, Martin"]
[Black "Kaulich, Philipp Theodor"]
[Result "1/2-1/2"]
[Termination "normal"]
[Board "1.4"]
[WhiteElo "2034"]
[BlackElo "2101"]
[WhiteTeam "Hamburger SK"]
[BlackTeam "SK Bebenhausen 1992"]
[WhiteFideId "12903140"]
[BlackFideId "4641582"]
[EventCountry "GER"]
[EventRounds "7"]
[EventType "team-swiss"]
[EventDate "2013.12.26"]

1. c4 g6 2. g3 Bg7 3. Bg2 d6 4. Nc3 Nd7 5. d3 h6 6. Rb1 e5 7. e3 Ne7 8. Nge2
O-O 9. O-O f5 10. f4 Nf6 11. b4 g5 12. Kh1 Ng6 13. b5 Ng4 14. h3 Nf6 15. Bd2
Nh5 16. Kh2 g4 17. hxg4 fxg4 18. Qe1 exf4 19. Nxf4 Ngxf4 20. exf4 Rb8 21. Ne4
Bf5 22. Be3 Qe8 23. Qf2 b6 24. Rfe1 Qg6 25. Bd4 Rbe8 26. Rbc1 Kh7 27. Qb2 Re6
28. Re3 Rfe8 29. Rce1 Kh8 30. Bc3 Bxc3 31. Qxc3+ Ng7 32. Qa3 R8e7 33. Qxa7 Bxe4
34. Bxe4 Nf5 35. Qa8+ Re8 36. Qd5 Nxe3 37. Rxe3 Qf6 38. Re2 R6e7 39. Kg1 Qa1+
40. Kf2 Qf6 41. Kg1 Qa1+ 42. Kf2 Qf6 43. Kg2 Rf8 44. Kh2 1/2-1/2

[Event "DVM U20 2013"]
[Site "Osnabrück GER"]
[Date "2013.12.28"]
[Round "4"]
[White "Faerber, Eric"]
[Black "Hinrichs, Jan"]
[Result "1/2-1/2"]
[Termination "normal"]
[Board "1.5"]
[WhiteElo "2089"]
[BlackElo "2076"]
[WhiteTeam "SK Bebenhausen 1992"]
[BlackTeam "Hamburger SK"]
[WhiteFideId "24657611"]
[BlackFideId "12907294"]
[EventCountry "GER"]
[EventRounds "7"]
[EventType "team-swiss"]
[EventDate "2013.12.26"]

1. e4 c5 2. Nf3 Nf6 3. e5 Nd5 4. Nc3 e6 5. Nxd5 exd5 6. d4 Nc6 7. c3 d6 8. Bb5
Be6 9. O-O Be7 10. exd6 Bxd6 11. dxc5 Bxc5 12. Nd4 Bxd4 13. Qxd4 O-O 14. Qf4
Ne7 15. Bd3 Ng6 16. Qd4 b6 17. Be3 Qc7 18. Rad1 Rad8 19. Bc2 Rc8 20. Rd2 Rfd8
21. Rfd1 Qe7 22. Bb3 Rd6 23. c4 Rcd8 24. c5 bxc5 25. Qxc5 R6d7 26. Qxe7 Nxe7
27. Bd4 Rc8 28. Bc3 h6 29. f3 Rcd8 30. Kf2 Nc6 31. Ba4 Rd6 32. Bxc6 Rxc6 33.
Rd4 Rdc8 34. h3 Rc4 35. g4 Kf8 36. f4 g6 37. Kf3 a6 38. h4 h5 39. gxh5 gxh5 40.
R1d2 Bf5 41. Rxc4 Rxc4 42. Rd4 Rxd4 43. Bxd4 Ke7 44. b4 Kd6 45. Ke3 Kc6 46. Bc5
Kb5 47. Kd4 Be4 48. a3 Bf3 49. Be7 Be4 50. Bc5 Bf3 51. Be7 Be4 52. Bc5 Bf3
1/2-1/2

[Event "DVM U20 2013"]
[Site "Osnabrück GER"]
[Date "2013.12.28"]
[Round "4"]
[White "Günnigmann, Manuel"]
[Black "Miller, Eduard"]
[Result "1-0"]
[Termination "normal"]
[Board "2.1"]
[WhiteElo "2166"]
[BlackElo "2094"]
[WhiteTeam "Stader SV"]
[BlackTeam "SC Forchheim"]
[WhiteFideId "24640360"]
[BlackFideId "24687022"]
[EventCountry "GER"]
[EventRounds "7"]
[EventType "team-swiss"]
[EventDate "2013.12.26"]

1. e4 c5 2. Nf3 d6 3. d4 cxd4 4. Nxd4 Nf6 5. Nc3 g6 6. Be3 Bg7 7. f3 O-O 8. Qd2
Nc6 9. Bc4 Bd7 10. Bb3 Rc8 11. h4 h5 12. Nxc6 bxc6 13. Bh6 Qa5 14. Bxg7 Kxg7
15. O-O-O Rc7 16. Rhe1 Rb8 17. Qf4 e5 18. Qd2 Ne8 19. g4 c5 20. Nd5 Qxd2+ 21.
Rxd2 Rcb7 22. gxh5 gxh5 23. Rg1+ Kh6 24. Rdg2 Ra8 25. Rg8 Nc7 26. Nf6 Rxb3 27.
axb3 Be6 28. R8g5 1-0

[Event "DVM U20 2013"]
[Site "Osnabrück GER"]
[Date "2013.12.28"]
[Round "4"]
[White "Killmann, Martin"]
[Black "Carmesin, Matthias"]
[Result "1/2-1/2"]
[Termination "normal"]
[Board "2.2"]
[WhiteElo "1829"]
[BlackElo "2044"]
[WhiteTeam "SC Forchheim"]
[BlackTeam "Stader SV"]
[WhiteFideId "24651559"]
[BlackFideId "4635965"]
[EventCountry "GER"]
[EventRounds "7"]
[EventType "team-swiss"]
[EventDate "2013.12.26"]

1. d4 Nf6 2. c4 d6 3. Nc3 e5 4. Nf3 Nbd7 5. e4 Be7 6. Be2 O-O 7. h3 c6 8. O-O
Qc7 9. Be3 a6 10. Qc2 b5 11. a3 Re8 12. Rfd1 Bb7 13. Rac1 Rac8 14. b4 exd4 15.
Nxd4 Bf8 16. Nf5 d5 17. cxd5 cxd5 18. Qd2 Qe5 19. Bf4 Nxe4 20. Bxe5 Nxd2 21.
Rxd2 Nxe5 22. Rdd1 Rcd8 23. Rd4 Nc4 24. Bf3 g6 25. Ng3 Bg7 26. Rdd1 Nb2 27. Rf1
Nd3 28. Rcd1 Nxf2 29. Kxf2 Bxc3 30. Rd3 Bg7 31. Rfd1 Re5 32. Ne2 Rd7 33. Nf4
Bh6 34. Nxd5 Kg7 35. Nb6 Rxd3 36. Rxd3 Bxf3 37. Kxf3 Re6 38. Nd7 Rc6 39. Nc5
Bc1 40. Ke4 g5 41. g3 Rh6 42. Rc3 Bd2 43. Rd3 Bc1 44. Rc3 Bb2 45. Rb3 Bc1
1/2-1/2

[Event "DVM U20 2013"]
[Site "Osnabrück GER"]
[Date "2013.12.28"]
[Round "4"]
[White "Vogt, Marc Jonas"]
[Black "Mann, Johannes"]
[Result "1/2-1/2"]
[Termination "normal"]
[Board "2.3"]
[WhiteElo "1953"]
[BlackElo "1910"]
[WhiteTeam "Stader SV"]
[BlackTeam "SC Forchheim"]
[WhiteFideId "24695661"]
[BlackFideId "24691380"]
[EventCountry "GER"]
[EventRounds "7"]
[EventType "team-swiss"]
[EventDate "2013.12.26"]

1. e4 c6 2. d4 d5 3. Nc3 dxe4 4. Nxe4 Bf5 5. Ng3 Bg6 6. Bc4 e6 7. N1e2 Nf6 8.
O-O Bd6 9. f4 Qc7 10. f5 Bxf5 11. Nxf5 exf5 12. Rxf5 Nbd7 13. Bf4 Bxf4 14. Nxf4
O-O 15. Nh5 Nxh5 16. Qxh5 g6 17. Rxf7 Rxf7 18. Bxf7+ Kg7 19. Qh4 Nf6 20. Bb3
Re8 21. Rf1 Qd6 22. Qf4 Qd8 23. Qf2 Re4 24. d5 Nxd5 25. Bxd5 cxd5 26. Qxa7 Qe7
27. Qf2 Re3 28. c3 Re4 29. Qf3 Re2 30. Qxd5 Rxb2 31. Qd4+ Kg8 32. Rd1 Rxa2 33.
Qc4+ Qf7 34. Rd8+ Kg7 35. Qxf7+ Kxf7 36. Rd7+ Ke6 37. Rxb7 Rc2 38. Rc7 h5 39.
h4 Kf5 40. Kh2 Kf4 41. Rc4+ Ke3 42. Kg3 Kd3 43. Rc6 Ke4 44. Kh2 Kf5 45. Rc4 Ke5
46. Kg3 Kd5 47. Rc8 Ke4 48. Rc6 Rc1 49. Rxg6 Rxc3+ 50. Kh2 Rc5 51. Kh3 Kf4 52.
g3+ Ke4 1/2-1/2

[Event "DVM U20 2013"]
[Site "Osnabrück GER"]
[Date "2013.12.28"]
[Round "4"]
[White "Stephan, Michael"]
[Black "Konow, Philipp"]
[Result "1-0"]
[Termination "normal"]
[Board "2.4"]
[WhiteElo "1863"]
[BlackElo "1977"]
[WhiteTeam "SC Forchheim"]
[BlackTeam "Stader SV"]
[WhiteFideId "24656852"]
[BlackFideId "4635230"]
[EventCountry "GER"]
[EventRounds "7"]
[EventType "team-swiss"]
[EventDate "2013.12.26"]

1. e4 c5 2. Nf3 Nc6 3. Nc3 Nf6 4. Bc4 e6 5. Qe2 d6 6. d3 Be7 7. Bf4 O-O 8. e5
dxe5 9. Nxe5 Nd4 10. Qd2 Nd5 11. Bg3 f6 12. Nf3 Nxf3+ 13. gxf3 Kh8 14. h4 f5
15. Be5 Bxh4 16. Qh6 Qg5 17. Qxh4 Qxh4 18. Rxh4 f4 19. O-O-O Rf5 20. Re1 Bd7
21. Reh1 Rxe5 22. Rxh7+ Kg8 23. Rh8+ Kf7 24. Rxa8 Bc6 25. Bxd5 exd5 26. Rxa7
Kf6 27. Ra5 b5 28. Nxb5 d4 29. Ra6 Re6 1-0

[Event "DVM U20 2013"]
[Site "Osnabrück GER"]
[Date "2013.12.28"]
[Round "4"]
[White "Bauschmann, Christoph"]
[Black "Wagner, Robert"]
[Result "1/2-1/2"]
[Termination "normal"]
[Board "2.5"]
[WhiteElo "1896"]
[BlackElo "1848"]
[WhiteTeam "Stader SV"]
[BlackTeam "SC Forchheim"]
[WhiteFideId "24603414"]
[BlackFideId "24656879"]
[EventCountry "GER"]
[EventRounds "7"]
[EventType "team-swiss"]
[EventDate "2013.12.26"]

1. e4 c5 2. Nf3 d6 3. d4 cxd4 4. Nxd4 Nf6 5. Nc3 g6 6. Be3 Bg7 7. f3 O-O 8. Qd2
Nc6 9. g4 h5 10. g5 Nh7 11. Rg1 Bd7 12. O-O-O Ne5 13. Kb1 Qb8 14. Be2 b5 15. f4
Nc4 16. Bxc4 bxc4 17. Rdf1 Qb7 18. f5 Rab8 19. b3 a5 20. Nd5 Rfe8 21. f6 cxb3
22. axb3 e5 23. Ne2 Bf8 24. Qxa5 Ra8 25. Qb6 Qc8 26. Nec3 Ra6 27. Qb4 Qc6 28.
Kb2 Rc8 29. Ra1 Rxa1 30. Rxa1 Be6 31. Rc1 Ra8 32. Qb6 Bxd5 33. Nxd5 Qd7 34. Qb4
Qh3 35. Qd2 Qg4 36. Qd3 Qh4 37. Nc7 Rc8 38. Nb5 Nxg5 39. Bxg5 Qxg5 40. Rf1 Qh4
41. h3 Qg5 42. Nxd6 Bxd6 43. Qxd6 Qg2 1/2-1/2

[Event "DVM U20 2013"]
[Site "Osnabrück GER"]
[Date "2013.12.28"]
[Round "4"]
[White "Kieslich, Aaron"]
[Black "Kremser, Michael"]
[Result "1/2-1/2"]
[Termination "normal"]
[Board "3.1"]
[WhiteElo "2021"]
[BlackElo "2001"]
[WhiteTeam "TuS Coswig 1920"]
[BlackTeam "SG Porz"]
[WhiteFideId "1270391"]
[BlackFideId "1270131"]
[EventCountry "GER"]
[EventRounds "7"]
[EventType "team-swiss"]
[EventDate "2013.12.26"]

1. d4 d5 2. c4 e6 3. Nc3 Nf6 4. cxd5 exd5 5. Bg5 c6 6. e3 Nbd7 7. Bd3 Be7 8.
Qc2 O-O 9. Nge2 Re8 10. O-O Ne4 11. Bxe7 Qxe7 12. Rae1 Ndf6 13. f3 Nxc3 14.
Nxc3 Qd6 15. Qf2 Be6 16. Kh1 Rad8 17. Qh4 h6 18. Rg1 Nh7 19. Qf2 Re7 20. Bb1
Bc8 21. Rd1 Nf6 22. Rge1 Rde8 23. Qg1 Nh5 24. g4 Nf6 25. Rd2 Nh7 26. Bxh7+ Kxh7
27. Rde2 b6 28. e4 Ba6 29. Rg2 Qf4 30. Qf2 dxe4 31. fxe4 Qxf2 32. Rxf2 Rd8 33.
Rd2 Bc8 34. Rg1 Red7 35. d5 cxd5 36. Nxd5 Bb7 37. Rgd1 Bxd5 38. exd5 Rd6 39.
Kg2 Kg6 40. h4 Rc8 41. Kg3 h5 42. Rf1 f6 43. Rfd1 hxg4 44. Kxg4 Rc4+ 45. Kg3 a5
46. Rd4 Rxd4 47. Rxd4 Kf5 48. b4 Ke5 49. Rg4 Rxd5 50. bxa5 Rd3+ 51. Kf2 bxa5
52. Rxg7 Kf4 53. h5 Rh3 54. Rf7 f5 55. Ra7 Rh2+ 56. Ke1 Rxa2 57. h6 Rh2 58.
Rxa5 Rxh6 59. Ra3 Re6+ 60. Kf2 Re4 61. Rb3 Ra4 62. Kf1 Kg4 63. Kg2 Ra2+ 64. Kg1
Ra1+ 65. Kg2 Ra2+ 66. Kg1 f4 67. Kf1 Ra4 68. Rc3 Re4 69. Kf2 Rb4 70. Kf1 Rb5
71. Ra3 Rg5 72. Kf2 Rh5 73. Kg2 Rg5 74. Kf2 Kh4 75. Rb3 Kg4 76. Ra3 Rb5 77. Rc3
Rb2+ 78. Kf1 f3 1/2-1/2

[Event "DVM U20 2013"]
[Site "Osnabrück GER"]
[Date "2013.12.28"]
[Round "4"]
[White "Pauly, Carlo"]
[Black "Linnemann, Niklas"]
[Result "1-0"]
[Termination "normal"]
[Board "3.2"]
[WhiteElo "2100"]
[BlackElo "1972"]
[WhiteTeam "SG Porz"]
[BlackTeam "TuS Coswig 1920"]
[WhiteFideId "24673269"]
[BlackFideId "24695645"]
[EventCountry "GER"]
[EventRounds "7"]
[EventType "team-swiss"]
[EventDate "2013.12.26"]

1. d4 Nf6 2. c4 g6 3. Nc3 d5 4. cxd5 Nxd5 5. Bd2 Bg7 6. e4 Nb6 7. Be3 Nc6 8.
Nf3 O-O 9. h3 Na5 10. Qc1 Nac4 11. Bh6 e5 12. Bxg7 Kxg7 13. Bxc4 Nxc4 14. Nd5
c6 15. Nb4 Nd6 16. dxe5 Qa5 17. exd6 Qxb4+ 18. Qc3+ Qxc3+ 19. bxc3 Re8 20.
O-O-O Be6 21. Kb2 Rad8 22. Rhe1 f6 23. Ng1 g5 24. g3 Bd7 25. f4 gxf4 26. gxf4
Re6 27. Nf3 c5 28. e5 fxe5 29. fxe5 h6 30. Rg1+ Kh7 31. Rg3 Bc6 32. Rdg1 Rd7
33. h4 Bxf3 34. Rg7+ Rxg7 35. Rxg7+ Kxg7 36. d7 Rxe5 37. d8=Q h5 38. Qb8 Rf5
39. Qxa7 Kf6 40. Qb6+ Bc6 41. a4 Ke6 42. a5 Kd5 43. Kb3 Kd6 44. Qd8+ Ke6 45.
Qc8+ Ke5 46. a6 c4+ 47. Kxc4 Rf3 1-0

[Event "DVM U20 2013"]
[Site "Osnabrück GER"]
[Date "2013.12.28"]
[Round "4"]
[White "Müller, Richard"]
[Black "Finke, Kai"]
[Result "1-0"]
[Termination "normal"]
[Board "3.3"]
[WhiteElo "2122"]
[BlackElo "2100"]
[WhiteTeam "TuS Coswig 1920"]
[BlackTeam "SG Porz"]
[WhiteFideId "24647128"]
[BlackFideId "1270611"]
[EventCountry "GER"]
[EventRounds "7"]
[EventType "team-swiss"]
[EventDate "2013.12.26"]

1. d4 Nf6 2. c4 e6 3. Nc3 c5 4. d5 exd5 5. cxd5 d6 6. e4 g6 7. f3 Bg7 8. Be3
O-O 9. Nge2 Na6 10. Ng3 Nc7 11. Be2 Re8 12. Qd2 Bd7 13. Rb1 b5 14. O-O a5 15.
Bf4 b4 16. Nd1 Bb5 17. Ne3 Bxe2 18. Nxe2 Nh5 19. Nc4 Nxf4 20. Nxf4 a4 21. Qd3
Ra7 22. Rfe1 Na8 23. g3 Nb6 24. Re2 Nxc4 25. Qxc4 Bd4+ 26. Kg2 Qb6 27. Nd3 Qa6
28. Rc1 Qxc4 29. Rxc4 Bg7 30. f4 Rd7 31. a3 bxa3 32. bxa3 Ra8 33. Rd2 Bd4 34.
e5 dxe5 35. Nxe5 Rxd5 36. Nc6 Rd6 37. Nxd4 cxd4 38. Rdxd4 Rxd4 39. Rxd4 h5 40.
Kf3 Kg7 41. Rb4 Ra6 42. Ke4 Ra5 43. Kd4 Ra7 44. Rc4 Ra8 45. Kc3 Re8 46. Kd3 Ra8
47. Rd4 Ra7 48. Kc3 Re7 49. Rxa4 Re2 50. Rd4 Rxh2 51. a4 Rg2 52. Rd3 Rf2 53. a5
h4 54. gxh4 Rxf4 55. Rd4 Rf1 56. Kb4 Ra1 57. Kb5 f5 58. a6 g5 59. Ra4 Rb1+ 60.
Kc6 Rb8 61. a7 Ra8 62. Kb7 Rxa7+ 63. Kxa7 gxh4 64. Rxh4 Kf6 65. Kb6 Ke5 66. Kc5
f4 67. Kc4 Ke4 68. Kc3 Ke3 69. Kc2 f3 70. Kd1 f2 71. Rh3+ 1-0

[Event "DVM U20 2013"]
[Site "Osnabrück GER"]
[Date "2013.12.28"]
[Round "4"]
[White "Eigemann, Frederik"]
[Black "Pönisch, Johannes"]
[Result "1-0"]
[Termination "normal"]
[Board "3.4"]
[WhiteElo "2015"]
[BlackElo "1987"]
[WhiteTeam "SG Porz"]
[BlackTeam "TuS Coswig 1920"]
[WhiteFideId "24692034"]
[BlackFideId "24603201"]
[EventCountry "GER"]
[EventRounds "7"]
[EventType "team-swiss"]
[EventDate "2013.12.26"]

1. d4 d5 2. c4 dxc4 3. e4 e5 4. Nf3 exd4 5. Bxc4 Bb4+ 6. Bd2 Bxd2+ 7. Nbxd2 Nf6
8. e5 Nd5 9. O-O Nb6 10. Bb5+ c6 11. Bd3 O-O 12. Nb3 Be6 13. Nbxd4 Bd5 14. Re1
Re8 15. Nf5 Nc8 16. Be4 Bxe4 17. Rxe4 Qd7 18. Qxd7 Nxd7 19. Rd1 Ndb6 20. Ng5 h6
21. Nf3 Nd5 22. Rg4 g6 23. Nxh6+ Kf8 24. Re1 Ncb6 25. e6 Nf6 26. Rg5 fxe6 27.
Rxg6 Nbd5 28. Re5 Re7 29. Ng5 Rae8 30. h4 Rg7 31. Rxg7 Kxg7 32. Nhf7 Nd7 33.
Re4 Nc5 34. Rg4 Kf6 35. Nd6 Rh8 36. Nde4+ Nxe4 37. Rxe4 e5 38. Nf3 Nf4 39. Rxe5
Rxh4 40. g3 Nh3+ 41. Kg2 Rh7 42. Rc5 Rh8 43. Kf1 Rh7 44. Nh4 Rg7 45. Rh5 Rg5
46. Rxg5 Nxg5 47. Ke2 c5 48. f4 Ne4 49. g4 Nd6 50. Kd3 b5 51. Nf3 a6 52. Ng5
Ke7 53. Ne4 Nb7 54. g5 Ke6 55. g6 Ke7 56. f5 Kf8 57. f6 Kg8 58. f7+ Kg7 59. Ng5
Nd8 60. Kc3 c4 61. a4 b4+ 62. Kxc4 Nc6 63. Ne6+ Kxg6 64. f8=Q Ne5+ 65. Kd5 Ng4
66. Qg7+ 1-0

[Event "DVM U20 2013"]
[Site "Osnabrück GER"]
[Date "2013.12.28"]
[Round "4"]
[White "von Koslowski, Utz"]
[Black "Eigemann, Julian"]
[Result "1-0"]
[Termination "normal"]
[Board "3.5"]
[WhiteElo "1764"]
[BlackElo "1916"]
[WhiteTeam "TuS Coswig 1920"]
[BlackTeam "SG Porz"]
[WhiteFideId "12964247"]
[BlackFideId "24666599"]
[EventCountry "GER"]
[EventRounds "7"]
[EventType "team-swiss"]
[EventDate "2013.12.26"]

1. Nf3 Nf6 2. c4 g6 3. d4 Bg7 4. Nc3 O-O 5. e4 d6 6. Be2 e5 7. O-O Nc6 8. d5
Ne7 9. Ne1 Ne8 10. Nd3 f5 11. f3 f4 12. Bd2 g5 13. b4 h5 14. Nf2 Rf7 15. a4 Bf8
16. a5 Nf6 17. h3 Ng6 18. Rc1 Nh4 19. Kh2 g4 20. fxg4 hxg4 21. Nxg4 Nxg4+ 22.
Bxg4 Bxg4 23. Qxg4+ Rg7 24. Qe6+ Kh7 25. Rf2 Qg5 26. Ne2 Be7 27. Rg1 Rag8 28.
g3 fxg3+ 29. Nxg3 Nf3+ 30. Rxf3 Qxd2+ 31. Rg2 Qc1 32. Rf7 Rxf7 33. Qxf7+ Rg7
34. Qf5+ Kh8 35. Qf3 Qg5 36. Nf5 Qxg2+ 37. Qxg2 Rxg2+ 38. Kxg2 Bg5 39. b5 a6
40. b6 cxb6 41. axb6 Bd8 42. Nxd6 Bxb6 43. Nxb7 a5 44. c5 1-0